| 000 | 00794nam a2200205Ia 4500 | ||
|---|---|---|---|
| 003 | OSt | ||
| 005 | 20241003133818.0 | ||
| 007 | ca aa aaaaa | ||
| 008 | 201103s9999 xx 000 0 und d | ||
| 040 | _cSSBUL | ||
| 041 | _abur | ||
| 082 |
_223 _a၂၉၄.၃ တင် _b၉၁၉၈ S-SAT |
||
| 100 | 0 | _a တင်မြင့်၊ ဦး၊ ဓမ္မာစရိယ- | |
| 245 | 1 | 0 |
_aခေတ်မီဆယ်စောင်တွဲ / _cဓမ္မာစရိယ ဦးတင်မြင့်။ |
| 260 |
_aရန်ကုန် ၊ _bရန်အောင်စာပေ၊ _c၁၉၈၈။ |
||
| 300 |
_a၂၂၇ စာမျက်နှာ ၊ _c၂၄ စင်တီ။ |
||
| 500 | _aS-SAT: Dr. Sai Aung Tun | ||
| 650 | _aဗုဒ္ဓဘာသာ | ||
| 942 |
_2ddc _cBK1 |
||
| 999 |
_c16796 _d16796 |
||